<?xml version="1.0" encoding="UTF-8"?>
<collection xmlns="http://www.loc.gov/MARC21/slim">
<record>
  <controlfield tag="001">295669</controlfield>
  <controlfield tag="005">20230131174834.0</controlfield>
  <datafield tag="035" ind1=" " ind2=" ">
    <subfield code="a">G:(GEPRIS)320131581</subfield>
  </datafield>
  <datafield tag="024" ind1="7" ind2=" ">
    <subfield code="a">G:(GEPRIS)320131581</subfield>
    <subfield code="d">320131581</subfield>
  </datafield>
  <datafield tag="040" ind1=" " ind2=" ">
    <subfield code="a">GEPRIS</subfield>
    <subfield code="c">http://gepris.its.kfa-juelich.de</subfield>
  </datafield>
  <datafield tag="150" ind1=" " ind2=" ">
    <subfield code="a">Experiment und Numerik zu Brennrohr-Plenum-Wechselwirkungen bei pulsierender Verbrennung (C01)</subfield>
    <subfield code="y">2016 - 2021</subfield>
  </datafield>
  <datafield tag="371" ind1=" " ind2=" ">
    <subfield code="a">Professor Dr.-Ing. Rupert Klein</subfield>
  </datafield>
  <datafield tag="371" ind1=" " ind2=" ">
    <subfield code="a">Professor Dr.-Ing. Kilian Oberleithner</subfield>
  </datafield>
  <datafield tag="371" ind1=" " ind2=" ">
    <subfield code="a">Professor Dr.-Ing. Christian Oliver Paschereit</subfield>
  </datafield>
  <datafield tag="450" ind1=" " ind2=" ">
    <subfield code="a">SFB 1029 C01</subfield>
    <subfield code="w">d</subfield>
    <subfield code="y">2016 - 2021</subfield>
  </datafield>
  <datafield tag="510" ind1="1" ind2=" ">
    <subfield code="a">Deutsche Forschungsgemeinschaft</subfield>
    <subfield code="0">I:(DE-588b)2007744-0</subfield>
    <subfield code="b">DFG</subfield>
  </datafield>
  <datafield tag="550" ind1=" " ind2=" ">
    <subfield code="0">G:(GEPRIS)200291049</subfield>
    <subfield code="a">SFB 1029: TurbIn - Signifikante Wirkungsgradsteigerung durch gezielte, interagierende Verbrennungs- und Strömungsinstationaritäten in Gasturbinen</subfield>
    <subfield code="w">t</subfield>
  </datafield>
  <datafield tag="680" ind1=" " ind2=" ">
    <subfield code="a">Ziel dieses Teilprojektes ist es, durch Einsatz von Plenen zwischen den Brennrohren und den Turbokomponenten die unvermeidlichen Restpulsationen auf ein für Verdichter und Turbine erträgliches Maß zu reduzieren. In diesem Projekt soll die Rückkopplung zwischen den Plenen und den benachbarten Turbokomponenten untersucht werden. Außerdem werden neue Konzepte zur Kühlung und Stoßreduktion im Plenum entwickelt. Wie in der zweiten Förderperiode werden experimentelle und numerische Untersuchungen eng verzahnt. Die entwickelten Methoden werden auch bei der Gestaltung und dem Betrieb des Gesamtmaschinendemonstrators zum Einsatz kommen.</subfield>
  </datafield>
  <datafield tag="909" ind1="C" ind2="O">
    <subfield code="o">oai:juser.fz-juelich.de:962412</subfield>
    <subfield code="p">authority:GRANT</subfield>
    <subfield code="p">authority</subfield>
  </datafield>
  <datafield tag="980" ind1=" " ind2=" ">
    <subfield code="a">G</subfield>
  </datafield>
  <datafield tag="980" ind1=" " ind2=" ">
    <subfield code="a">AUTHORITY</subfield>
  </datafield>
  <datafield tag="909" ind1="C" ind2="O">
    <subfield code="o">oai:juser.fz-juelich.de:962412</subfield>
  </datafield>
</record>
</collection>